Zaj (Record no. 186495)
[ view plain ]
| 000 -LEADER | |
|---|---|
| campo de control de longitud fija | 00997nam a2200265 i 4500 |
| 001 - NÚMERO DE CONTROL | |
| campo de control | 186495 |
| 003 - IDENTIFICADOR DE NÚMERO DE CONTROL | |
| campo de control | SpMaBN |
| 005 - FECHA Y HORA DE LA ÚLTIMA TRANSACCIÓN | |
| campo de control | 20250905102002.0 |
| 008 - DATOS DE LONGITUD FIJA--INFORMACIÓN GENERAL | |
| campo de control de longitud fija | 161118s1996 sp aco c |||| |dspa d |
| 020 ## - NÚMERO INTERNACIONAL ESTÁNDAR DEL LIBRO | |
| Número Internacional Estándar del Libro | 84-8026-059-9 |
| 080 ## - NÚMERO DE LA CLASIFICACIÓN DECIMAL UNIVERSAL | |
| Número de la Clasificación Decimal Universal | 7 Zaj (064.3) |
| 110 2# - ENTRADA PRINCIPAL--NOMBRE DE ENTIDAD CORPORATIVA | |
| Nombre de entidad corporativa o nombre de jurisdicción como elemento de entrada | Zaj (Grupo artístico) |
| 9 (RLIN) | 161314 |
| 245 10 - MENCIÓN DEL TÍTULO | |
| Título | Zaj |
| Resto del título | : Museo Nacional Centro de Arte Reina Sofía, 23 de enero al 21 de marzo de 1996 : [exposición] / |
| Mención de responsabilidad, etc. | [comisario, José Antonio Sarmiento]. |
| 260 ## - PUBLICACIÓN, DISTRIBUCIÓN, ETC. | |
| Lugar de publicación, distribución, etc. | [Madrid] : |
| Nombre del editor, distribuidor, etc. | Museo Nacional Centro de Arte Reina Sofía, |
| Fecha de publicación, distribución, etc. | [1996] |
| 300 ## - DESCRIPCIÓN FÍSICA | |
| Extensión | 237 p. : |
| Otras características físicas | il. col. y n., fot. ; |
| Dimensiones | 29 cm. |
| 500 ## - NOTA GENERAL | |
| Nota general | Cronologías. |
| 504 ## - NOTA DE BIBLIOGRAFÍA, ETC. | |
| Nota de bibliografía, etc. | Bibliografía: p. 233-237. |
| 610 27 - PUNTO DE ACCESO ADICIONAL DE MATERIA--NOMBRE DE ENTIDAD CORPORATIVA | |
| Nombre de entidad corporativa o nombre de jurisdicción como elemento de entrada | Zaj (Grupo artístico)- |
| Subdivisión de forma | Exposiciones. |
| 9 (RLIN) | 161315 |
| 655 #7 - TERMINO DE INDIZACIÓN--GENERO/FORMA | |
| Fuente del término | tgfbne |
| 9 (RLIN) | 193628 |
| Datos o término principal de género/forma | Catálogos de exposiciones |
| 700 1# - ENTRADA AGREGADA--NOMBRE PERSONAL | |
| Nombre de persona | Sarmiento, José Antonio, |
| Fechas asociadas al nombre | 1952- |
| 9 (RLIN) | 103828 |
| 710 2# - ENTRADA AGREGADA--NOMBRE DE ENTIDAD CORPORATIVA | |
| Nombre de entidad corporativa o nombre de jurisdicción como elemento de entrada | Museo Nacional Centro de Arte Reina Sofía |
| 9 (RLIN) | 147737 |
| 852 ## - LOCALIZACIÓN | |
| Ubicación | ES-MaACL |
| Número de control de estantería | L-30839 |
| 942 ## - ELEMENTOS DE ENTRADA SECUNDARIOS (KOHA) | |
| Fuente del sistema de clasificación o colocación | Clasificación decimal universal |
| Estatus retirado | Estado de pérdida | Estado de daño | No para préstamo | Biblioteca de origen | Biblioteca actual | Ubicación en estantería | Fecha de adquisición | Fuente de adquisición | Total de préstamos | Signatura topográfica completa | Código de barras | Visto por última vez | Precio de reemplazo | Tipo de ítem Koha |
|---|---|---|---|---|---|---|---|---|---|---|---|---|---|---|
| Biblioteca del Ateneo de Madrid | Biblioteca del Ateneo de Madrid | Depósito 2 | 18/11/2016 | L-30839 | 1196661 | 23/02/2023 | 23/02/2023 | Libro impreso |
